| 000 | 01050nam a2200301Ia 4500 | ||
|---|---|---|---|
| 003 | IN-BaIIA | ||
| 008 | 211028s9999 xx s 000 0 eng d | ||
| 020 | _a978-3-540-63716-5 (Print) | ||
| 020 | _a978-3-540-69632-2 (Online) | ||
| 022 | _a0075-8450 (Print) | ||
| 022 | _a1616-6361 (Online) | ||
| 040 | _cIIA Library | ||
| 100 |
_aJungmann, Klaus, ed. _939798 |
||
| 245 | 0 |
_aAtomic Physics Methods in Modern Research _h[eBook] |
|
| 260 |
_aHeidelberg, Berlin _bSpringer Berlin Heidelberg _c1997 |
||
| 300 | _aOnline resource | ||
| 490 | _aLecture Notes in Physics | ||
| 650 | _a Atomic, Molecular, Optical and Plasma Physics | ||
| 650 |
_a Biological and Medical Physics, Biophysics _938290 |
||
| 650 | _a Physical Chemistry | ||
| 650 |
_a Surfaces and Interfaces, Thin Films _938400 |
||
| 650 |
_aPhysics _973 |
||
| 700 |
_aKowalski, Joachim, ed. _939799 |
||
| 700 |
_aReinhard, Irene, ed. _939800 |
||
| 700 |
_aTraeger, Frank, ed. _939801 |
||
| 856 |
_uhttp://doi.org/10.1007/BFb0104311 _yClick Here to Access eBook |
||
| 942 | _cEB | ||
| 999 |
_c21537 _d21537 |
||